000
00238nam a22000857a 4500
008
161026b xxu||||| |||| 00| 0 eng d
100
_9
964
_a
Parti.N.M.etal.
245
_a
Exploring Mathematics-6th
260
_a
New Delhi
_b
Rachna Publications
_c
2009
999
_c
3623
_d
3623